Lý thuyết điều khiển tự động thông thường và hiện đại
Shranjeno v:
| Glavni avtor: | |
|---|---|
| Format: | Knjiga |
| Jezik: | Undetermined |
| Izdano: |
Hà Nội
Khoa học và Kỹ thuật
2003
|
| Teme: | |
| Oznake: |
Označite
Brez oznak, prvi označite!
|
| Thư viện lưu trữ: | Trung tâm Học liệu Trường Đại học Cần Thơ |
|---|
| LEADER | 00643nam a2200205Ia 4500 | ||
|---|---|---|---|
| 001 | CTU_57968 | ||
| 008 | 210402s9999 xx 000 0 und d | ||
| 020 | |b 41000 | ||
| 020 | |c 41000 | ||
| 082 | |a 629.8 | ||
| 082 | |b Ng450/Q3 | ||
| 100 | |a Nguyễn, Thương Ngô | ||
| 245 | 0 | |a Lý thuyết điều khiển tự động thông thường và hiện đại | |
| 245 | 0 | |c Nguyễn Thương Ngô | |
| 260 | |a Hà Nội | ||
| 260 | |b Khoa học và Kỹ thuật | ||
| 260 | |c 2003 | ||
| 650 | |a control theory,automatic control | ||
| 904 | |i Giang | ||
| 980 | |a Trung tâm Học liệu Trường Đại học Cần Thơ | ||